[Event "Oberliga Nord N 0102"]
[Site "Germany"]
[Date "2002.01.20"]
[Round "4.1"]
[White "Aagaard, Jacob"]
[Black "Jaeckle, Marco"]
[Result "1-0"]
[WhiteElo "2365"]
[BlackElo "2290"]
[PlyCount "89"]
[EventDate "2001.10.07"]
[EventType "team"]
[EventRounds "9"]
[EventCountry "GER"]
[SourceTitle "EXT 2002"]
[Source "ChessBase"]
[SourceDate "2001.11.25"]
[SourceVersion "1"]
[SourceVersionDate "2001.11.25"]
[SourceQuality "1"]
[WhiteTeam "Neumuenster"]
[BlackTeam "Hamburg Schachfreunde"]
[WhiteTeamCountry "GER"]
[BlackTeamCountry "GER"]

1. d4 Nf6 2. Nf3 d5 3. c4 e6 4. e3 c6 5. Nbd2 Nbd7 6. Bd3 Bd6 7. 0-0 0-0 8. e4 dxe4 9. Nxe4 Nxe4 10. Bxe4 h6 11. b3 e5 12. Bc2 Re8 13. Re1 exd4 14. Rxe8+ Qxe8 15. Qxd4 Bc5 16. Qd3 Nf8 17. Bb2 a5 18. Re1 Qd7 19. Qe4 f6 20. h3 Qf7 21. Qf4 Bd7 22. Kf1 Re8 23. Rxe8 Qxe8 24. Nd2 Bb4 25. Ne4 f5 26. a3 Ng6 27. Qe3 Bf8 28. Ng3 Qxe3 29. fxe3 Nh4 30. Kf2 Bc5 31. Nh5 Kf7 32. g3 g6 33. Nf4 g5 34. Nd3 Bxe3+ 35. Kxe3 f4+ 36. gxf4 Bxh3 37. fxg5 hxg5 38. Bc3 a4 39. b4 Nf5+ 40. Kf2 Nd6 41. Ne5+ Ke6 42. c5 Nb5 43. Bb2 Nxa3 44. Bxa4 Nb5 45. Nf3 1-0